All of Billie Eilish's songs - Statistics

General Stats
  • This quiz has been taken 137 times
    24 since last reset
  • The average score is 65 of 77
Answer Stats
Hint Answer % Correct
WHEN WE ALL FALL ASLEEP, WHERE DO WE GO? bad guy
100%
Singles bad guy (with Justin Bieber)
100%
HIT ME HARD AND SOFT BIRDS OF A FEATHER
100%
Happier Than Ever Happier Than Ever
100%
Singles Happier Than Ever - Edit
100%
HIT ME HARD AND SOFT LUNCH
100%
HIT ME HARD AND SOFT THE DINER
100%
HIT ME HARD AND SOFT WILDFLOWER
100%
WHEN WE ALL FALL ASLEEP, WHERE DO WE GO? 8
94%
dont smile at me &burn (with Vince Staples)
94%
HIT ME HARD AND SOFT BITTERSUITE
94%
HIT ME HARD AND SOFT BLUE
94%
HIT ME HARD AND SOFT CHIHIRO
94%
WHEN WE ALL FALL ASLEEP, WHERE DO WE GO? goodbye
94%
Remixes MyBoi - TroyBoi Remix
94%
dont smile at me my boy
94%
Happier Than Ever my future
94%
dont smile at me ocean eyes
94%
Remixes Ocean Eyes - Astronomy Remix
94%
Remixes Ocean Eyes - Blackbear Remix
94%
Remixes Ocean Eyes - Cautious Clay Remix
94%
Remixes Ocean Eyes - GOLDHOUSE Remix
94%
HIT ME HARD AND SOFT SKINNY
94%
HIT ME HARD AND SOFT THE GREATEST
94%
WHEN WE ALL FALL ASLEEP, WHERE DO WE GO? all the good girls go to hell
89%
dont smile at me bellyache
89%
Remixes Bellyache - Marian Hill Remix
89%
dont smile at me COPYCAT
89%
Remixes COPYCAT - Sofi Tukker Remix
89%
Singles everything i wanted
89%
Happier Than Ever Getting Older
89%
Happier Than Ever Halley's Comet
89%
dont smile at me idontwannabeyouanymore
89%
WHEN WE ALL FALL ASLEEP, WHERE DO WE GO? ilomilo
89%
Singles ilomilo (live)
89%
WHEN WE ALL FALL ASLEEP, WHERE DO WE GO? I love you
89%
Happier Than Ever Male Fantasy
89%
Happier Than Ever NDA
89%
dont smile at me watch
89%
WHEN WE ALL FALL ASLEEP, WHERE DO WE GO? you should see me in a crown
89%
Happier Than Ever GOLDWING
83%
Singles Guess (with Charlie XCX)
83%
dont smile at me hostage
83%
Happier Than Ever I Didn't Change My Number
83%
HIT ME HARD AND SOFT L'AMOUR DE MA VIE
83%
Singles L'AMOUR DE MA VIE [OVER NOM EXTENDED EDIT]
83%
Happier Than Ever Lost Cause
83%
Singles lovely (with Khalid)
83%
Happier Than Ever Therefore I Am
83%
WHEN WE ALL FALL ASLEEP, WHERE DO WE GO? when the party's over
83%
WHEN WE ALL FALL ASLEEP, WHERE DO WE GO? xanny
83%
Happier Than Ever Your Power
83%
Happier Than Ever Billie Bossa Nova
78%
Singles come out and play
78%
WHEN WE ALL FALL ASLEEP, WHERE DO WE GO? listen before I go
78%
Singles No Time To Die
78%
Happier Than Ever Oxytocin
78%
Singles What Was I Made For?
78%
WHEN WE ALL FALL ASLEEP, WHERE DO WE GO? wish you were gay
78%
Singles Bored
72%
WHEN WE ALL FALL ASLEEP, WHERE DO WE GO? bury a friend
72%
WHEN WE ALL FALL ASLEEP, WHERE DO WE GO? my strange addiction
72%
Happier Than Ever Not My Responsibility
72%
Happier Than Ever OverHeated
72%
dont smile at me party favor
72%
Singles Six Feet Under
72%
Remixes Six Feet Under - Aire Atlantica Remix
72%
Remixes Six Feet Under - BLU J Remix
72%
Remixes Six Feet Under - Gazzo Remix
72%
Remixes Six Feet Under - Jerry Folk Remix
72%
Singles bitches broken hearts
67%
Happier Than Ever Everybody Dies
67%
Singles hotline (edit)
67%
Singles TV
61%
Singles Lo Vas A Olvidar (with ROSALÍA)
56%
Singles WHEN I WAS OLDER
56%
Singles The 30th
50%
No matching quizzes found
Score Distribution
Percent of People with Each Score
Percentile by Number Answered
Your Score History
You have not taken this quiz since the last reset